[Event "Loja Feda op"]
[Site "Loja "]
[Date "2006.01.21"]
[Round "6"]
[White "Crespo, Roberto"]
[Black "Torres, Carlos"]
[Result "1-0"]
[WhiteElo "2077"]
[BlackElo "2067"]
[PlyCount "103"]
[EventDate "2006.01.20"]
[EventType "swiss"]
[EventRounds "9"]
[EventCountry "ECU"]
[SourceTitle "EXT 2007"]
[Source "ChessBase"]
[SourceDate "2006.11.23"]
[SourceVersion "1"]
[SourceVersionDate "2006.11.23"]
[SourceQuality "1"]

1. d4 f5 2. e4 fxe4 3. Nc3 Nf6 4. Bg5 d6 5. Bc4 Bf5 6. Qe2 Nbd7 7. 0-0-0 Nb6 8. d5 Nxc4 9. Qxc4 a6 10. Nge2 Qd7 11. Nf4 0-0-0 12. Qd4 Kb8 13. Rhe1 c5 14. Qe3 Ng4 15. Qg3 h6 16. Nxe4 hxg5 17. Ne6 Bxe4 18. Rxe4 Nf6 19. Re3 Re8 20. Nxc5 Qb5 21. Nxb7 Ka8 22. Rb3 Qa4 23. Qc3 Rb8 24. Qc7 Qd7 25. Qxb8+ Kxb8 26. Nc5+ Kc8 27. Nxd7 Nxd7 28. h3 g6 29. Rd4 Rh4 30. g4 Nc5 31. Rc4 Kd7 32. Rb8 Bg7 33. b4 Na4 34. Rb7+ Ke8 35. Re4 Bf6 36. Re3 Nc3 37. Rd3 Nxa2+ 38. Kd2 Bc3+ 39. Ke2 Bxb4 40. Kf1 a5 41. Kg2 Nc3 42. Rc7 Nb5 43. Rb7 Nc3 44. Rc7 Nb5 45. Rc8+ Kf7 46. Rf3+ Kg7 47. Re8 Nd4 48. Rxe7+ Kg8 49. Rff7 Nxc2 50. Rc7 Ne1+ 51. Kg3 Nd3 52. Rfd7 1-0

[Event "Loja Feda op"]
[Site "Loja "]
[Date "2006.01.21"]
[Round "5"]
[White "Wong, Erick"]
[Black "Crespo, Roberto"]
[Result "0-1"]
[WhiteElo "2064"]
[BlackElo "2077"]
[PlyCount "58"]
[EventDate "2006.01.20"]
[EventType "swiss"]
[EventRounds "9"]
[EventCountry "ECU"]
[SourceTitle "EXT 2007"]
[Source "ChessBase"]
[SourceDate "2006.11.23"]
[SourceVersion "1"]
[SourceVersionDate "2006.11.23"]
[SourceQuality "1"]

1. d4 Nf6 2. Nf3 g6 3. c4 Bg7 4. Nc3 d5 5. cxd5 Nxd5 6. e4 Nxc3 7. bxc3 c5 8. Be3 0-0 9. Qd2 Qa5 10. Rc1 Bg4 11. Be2 Nc6 12. d5 Bxf3 13. Bxf3 Rfd8 14. 0-0 b5 15. Bxc5 Rab8 16. a3 Qc7 17. Qe3 Ne5 18. Be2 a5 19. f4 Nc4 20. Bxc4 bxc4 21. Rb1 Rdc8 22. Bb6 Qd6 23. Bxa5 Qxa3 24. Ra1 Qb3 25. Rfb1 Qxb1+ 26. Rxb1 Rxb1+ 27. Kf2 Ra1 28. Bb4 Ra2+ 29. Kg3 Rd8 0-1

[Event "Guayaquil Feda 82"]
[Site "Guayaquil"]
[Date "2003.11.01"]
[Round "5"]
[White "Ugarte Soto, Cesar"]
[Black "Crespo, Roberto"]
[Result "0-1"]
[WhiteElo "2170"]
[BlackElo "2112"]
[PlyCount "103"]
[EventDate "2003.10.31"]
[EventType "swiss"]
[EventRounds "9"]
[EventCountry "ECU"]
[SourceTitle "EXT 2005"]
[Source "ChessBase"]
[SourceDate "2004.11.15"]
[SourceVersion "1"]
[SourceVersionDate "2004.11.15"]
[SourceQuality "1"]

1. d4 Nf6 2. Nf3 e6 3. c4 d5 4. Nc3 c5 5. e3 Nc6 6. cxd5 exd5 7. Be2 cxd4 8. Nxd4 Bd6 9. Bf3 Nxd4 10. Qxd4 Be6 11. Bd2 Bc7 12. Nb5 Bb6 13. Qb4 a5 14. Qa3 Qe7 15. Qxe7+ Kxe7 16. Bc3 Rac8 17. 0-0 Ne4 18. Bxg7 Rhg8 19. Bd4 Nd2 20. Bxb6 Nxf3+ 21. Kh1 Nh4 22. g3 Bh3 23. Rfc1 Bg2+ 24. Kg1 Be4 25. Nd4 Ng6 26. Bxa5 Ne5 27. Rc3 Kd7 28. Rac1 Nc4 29. b4 b6 30. Rxc4 Rxc4 31. Rxc4 dxc4 32. Bxb6 Ra8 33. Ba5 c3 34. Nb3 c2 35. Kf1 Rc8 36. Nc1 Bf3 37. Ke1 Rc6 38. Kd2 Be4 39. a4 Rd6+ 40. Kc3 Rd1 41. Kb2 Rf1 42. f4 Rf2 43. h3 Rf3 44. g4 Rxe3 45. Bb6 Rxh3 46. Bd4 Rg3 47. g5 Rg2 48. Nb3 Bd5 49. Nc1 Kc6 50. b5+ Kb7 51. Be5 Kb6 52. Na2 0-1